BIBLIOTECA

SENCICO

Windows 95 (Registro nro. 2774)

Detalles MARC
000 -LEADER
fixed length control field 00688nam a2200193Ia 4500
005 - DATE AND TIME OF LATEST TRANSACTION
control field 20251020182552.0
008 - FIXED-LENGTH DATA ELEMENTS--GENERAL INFORMATION
fixed length control field 200515s9999 xx 000 0 und d
082 ## - DEWEY DECIMAL CLASSIFICATION NUMBER
Classification number R/65.011/T63
100 ## - MAIN ENTRY--PERSONAL NAME
Personal name TIZNADO SANTANA, Marco Antonio
245 #0 - TITLE STATEMENT
Title Windows 95
260 ## - PUBLICATION, DISTRIBUTION, ETC.
Place of publication, distribution, etc. Bogotá, D.C.
260 ## - PUBLICATION, DISTRIBUTION, ETC.
Date of publication, distribution, etc. 1995
300 ## - PHYSICAL DESCRIPTION
Extent 220
520 ## - SUMMARY, ETC.
Summary, etc. Desarrolla la utilización del nuevo sistema operativo de Microsoft, cuya interfaz gráfica es mucho más amigable y fácil de emplear. Incluye procesamiento multitarea que permite ejecutar varios programas al mismo tiempo y aprovechar los recursos del sistem
650 ## - SUBJECT ADDED ENTRY--TOPICAL TERM
Topical term or geographic name entry element LIB
650 ## - SUBJECT ADDED ENTRY--TOPICAL TERM
Topical term or geographic name entry element SOFTWARE DE APLICACION
650 ## - SUBJECT ADDED ENTRY--TOPICAL TERM
Topical term or geographic name entry element WINDOWS
942 ## - ADDED ENTRY ELEMENTS (KOHA)
Koha item type Libros
Existencias
Fecha de la última vez que lo usaron Pago total Signatura topográfica completa Código de barras Precio efectivo desde Tipo de documento Estado perdido Estado dañado No es para préstamo Retirado Ubicación permanente Ubicación actual Fecha de adquisición
15/05/2020   R/65.011/T63 Bib-Lima15052774 15/05/2020 Libros         Biblioteca Central Lima Biblioteca Central Lima 15/05/2020